000 00852aam a2200289 i 4500
001 768714001
003 CO-MdFUSB
005 20260122122448.0
007 ta
008 260122t2019 ck |||| |||| 00| 0 spa d
040 _cCO-MdFUSB
041 0 _aspa
082 0 4 _223
_a262.52
_bP328c
110 _aInstituto Misionero Hijas de San Pablo,
245 1 0 _aConcilio Vaticano II :
_bdocumentos completos
_c/ Instituto Misionero Hijas de San Pablo
264 1 _bEdiciones Paulinas,
_aBogotá, Colombia :
_c[2019]
264 4 _c©2019
300 _a462 páginas
_c; 20 cm
336 _atexto
_btxt
_2rdacontent
337 _2rdamedia
_asin mediación
_bn
338 _2rdacarrier
_avolumen
_bnc
505 _aConstituciones. -- Decretos. -- Declaraciones.
563 _aRústico
653 _aConcilio Vaticano
942 _cBK
945 _aJTF-925
999 _c39677
_d39677